000 00584nam a2200205Ia 4500
003 Ost
005 20260507075140.0
008 260507s9999||||xx |||||||||||||| ||und||
020 _a2105422977
040 _cfsecg
041 _aara
082 _a330
100 _aالنجار، فريد
_eمؤلف
245 0 _aالمشتقات والهندسة المالية /
_c فريد النجار
260 _aالاسكندرية:
_bالدار الجامعية,
_c2008
300 _a441 صفحة؛
653 _aمشتقات
653 _aهندسة مالية
942 _cكتاب
999 _c43289
_d43289